Applied general statistics

Uloženo v:
Podrobná bibliografie
Hlavní autoři: Croxton, Frederick Emory (Autor), Cowden, Dudley Johnstone (Autor)
Médium: Kniha
Jazyk:angličtina
Vydáno: Nueva York Prentice-Hall 1943
Témata:
Tagy: Přidat tag
Žádné tagy, Buďte první, kdo vytvoří štítek k tomuto záznamu!

MARC

LEADER 00000nam a2200000 a 4500
001 UCV4994
003 CL-VaPUC
008 920320e19430000US |||||||||||||||||eng|d
082 0 4 |a 519.5  |b CRO  |2 21 
100 0 |a Croxton, Frederick Emory  |e author  |9 299201 
700 0 |a Cowden, Dudley Johnstone  |e author  |9 299202 
245 1 0 |a Applied general statistics 
300 |a 944 p 
942 |c BK 
945 |d 19920320 00:00:00 
260 |a Nueva York  |b Prentice-Hall  |c 1943 
650 0 |a Estadística matemática  |9 260028 
583 |a last modification  |c 19920320 00:00:00  |k Rodrigo Vera 
999 |c 211605  |d 211603